000 00278nam a22001217a 4500
020 _a3-540-05705-6
082 _a512.904 FAI'A
100 _aFAITH, CARL
_975908
245 _aALGEBRA II RING THEORY
260 _aNEWYORK
_bSPRINGER VERLAG
_c1976
300 _a302P
942 _cBK
999 _c581319
_d581319